Post harvest experience in agricultural production in Himachal Pradesh: problems and their remedies (Record no. 47603)

000 -LEADER
fixed length control field 00559pab a2200181 454500
008 - FIXED-LENGTH DATA ELEMENTS--GENERAL INFORMATION
fixed length control field 180718b2000 xxu||||| |||| 00| 0 eng d
100 ## - MAIN ENTRY--PERSONAL NAME
Personal name Ratan, R.S.
245 ## - TITLE STATEMENT
Title Post harvest experience in agricultural production in Himachal Pradesh: problems and their remedies
260 ## - PUBLICATION, DISTRIBUTION, ETC.
Date of publication, distribution, etc. 2000
300 ## - PHYSICAL DESCRIPTION
Extent p.46-52
362 ## - DATES OF PUBLICATION AND/OR SEQUENTIAL DESIGNATION
Dates of publication and/or sequential designation Jul-Dec
650 ## - SUBJECT ADDED ENTRY--TOPICAL TERM
Topical term or geographic name entry element Agricultural production - India - Himachal Pradesh
650 ## - SUBJECT ADDED ENTRY--TOPICAL TERM
Topical term or geographic name entry element Agricultural production
700 ## - ADDED ENTRY--PERSONAL NAME
Personal name Bhati, J.P.
700 ## - ADDED ENTRY--PERSONAL NAME
Personal name Singh, Ranveer
773 ## - HOST ITEM ENTRY
Main entry heading Political Economy Journal of India
909 ## -
-- 47603
Holdings
Withdrawn status Lost status Damaged status Not for loan Permanent Location Current Location Date acquired Serial Enumeration / chronology Barcode Date last seen Price effective from Koha item type
        Indian Institute of Public Administration Indian Institute of Public Administration 2018-07-19 Volume no: 9, Issue no: 3-4 AR48031 2018-07-19 2018-07-19 Articles

Powered by Koha